[Event "Copenhagen Obro CXU New Year op"]
[Site "Copenhagen"]
[Date "2023.12.27"]
[Round "2"]
[White "Lauritsen, Martin Lee"]
[Black "Nielsen, Viktor Haarmark"]
[Result "0-1"]
[WhiteElo "2126"]
[BlackElo "2341"]
[PlyCount "240"]
[EventDate "2023.12.27"]
[EventType "swiss"]
[EventRounds "7"]
[EventCountry "DEN"]
[SourceTitle "CB01_2024"]
[SourceDate "2024.01.03"]
[SourceVersion "1"]
[SourceVersionDate "2024.01.03"]
[SourceQuality "1"]

1. e4 c5 2. Nf3 e6 3. d4 cxd4 4. Nxd4 Nc6 5. Nc3 Qc7 6. g3 a6 7. Bg2 Nf6 8. 0-0 Nxd4 9. Qxd4 Bc5 10. Qd3 Ng4 11. Qe2 Ne5 12. Be3 b5 13. Kh1 Bb7 14. a4 Bxe3 15. Qxe3 b4 16. Na2 a5 17. c3 b3 18. Nc1 Ba6 19. Re1 Rb8 20. Bf1 Bxf1 21. Rxf1 0-0 22. Nd3 Nc4 23. Qc5 Qxc5 24. Nxc5 Rfd8 25. Rfd1 d6 26. Rd4 Nxb2 27. Na6 Rb6 28. e5 Rxa6 29. Rb1 Rc8 30. Rxb2 dxe5 31. Re4 Rb6 32. Rxe5 Rxc3 33. Rxa5 Kf8 34. Kg2 Ke7 35. Ra7+ Kd6 36. a5 Rb5 37. Rd2+ Ke5 38. Re2+ Kf6 39. Rb2 Rc4 40. Rd7 Rc2 41. Rxc2 bxc2 42. Rc7 Rxa5 43. Rxc2 g5 44. Rc4 h5 45. Rb4 Kg6 46. Rb6 Ra4 47. Rb8 h4 48. Rb2 e5 49. Rc2 Kf5 50. Rb2 Kg4 51. h3+ Kf5 52. g4+ Ke4 53. Rb8 f6 54. Rf8 Ra6 55. Rb8 Rd6 56. Rb3 Kd4 57. Rb4+ Kd3 58. Rb1 Re6 59. Rb3+ Kd4 60. Rb4+ Kc3 61. Re4 Rd6 62. Ra4 Re6 63. Re4 Kd2 64. Kf3 Kd3 65. Re3+ Kd4 66. Re4+ Kd5 67. Ra4 Rc6 68. Ra5+ Ke6 69. Ra8 Kd5 70. Ra5+ Kd4 71. Ra4+ Kd3 72. Ra3+ Kc4 73. Ra1 Rd6 74. Ra4+ Kd5 75. Ra8 Rb6 76. Ra5+ Ke6 77. Ra4 Rb3+ 78. Kg2 Rd3 79. Ra8 Rd4 80. Ra6+ Kf7 81. Ra7+ Kg6 82. Re7 Rd6 83. Re8 Kf7 84. Ra8 Re6 85. Kf3 Rc6 86. Ra4 Rc7 87. Ra6 Rc4 88. Rb6 Rf4+ 89. Kg2 f5 90. gxf5 Rxf5 91. Rb7+ Ke6 92. Rb8 e4 93. Ra8 Ke5 94. Ra4 Rf6 95. Rb4 Rd6 96. Rb8 Re6 97. Rb4 Kf5 98. Rb8 Rf6 99. Rb4 Rc6 100. Rb8 Rc5 101. Rf8+ Ke5 102. Re8+ Kf4 103. Rf8+ Rf5 104. Ra8 g4 105. Ra3 Rd5 106. Ra8 Rg5 107. hxg4 Kxg4 108. Ra2 Kf4+ 109. Kh3 Kf3 110. Ra4 Rg1 111. Kxh4 Rg2 112. Kh3 Rxf2 113. Ra8 Rd2 114. Rf8+ Ke2 115. Kg3 e3 116. Re8 Rd7 117. Kf4 Kf2 118. Rh8 e2 119. Rh2+ Ke1 120. Ke3 Kd1 0-1

[Event "Copenhagen Obro New Year op"]
[Site "Copenhagen"]
[Date "2022.12.27"]
[Round "2"]
[White "Nilssen, John Arni"]
[Black "Lauritsen, Martin Lee"]
[Result "1-0"]
[WhiteElo "2321"]
[BlackElo "2058"]
[PlyCount "101"]
[EventDate "2022.12.27"]
[EventType "swiss"]
[EventRounds "7"]
[EventCountry "DEN"]
[SourceTitle "CBM 211 Extra"]
[Source "ChessBase"]
[SourceDate "2023.01.31"]
[SourceVersion "1"]
[SourceVersionDate "2023.01.31"]
[SourceQuality "1"]

1. d4 Nf6 2. c4 e6 3. Nc3 Bb4 4. g3 0-0 5. Bg2 d5 6. Nf3 c6 7. 0-0 Nbd7 8. Qb3 Bd6 9. Bf4 Qc7 10. e3 a6 11. c5 Bxf4 12. gxf4 Rb8 13. Rfc1 a5 14. Qc2 Ng4 15. Ng5 Ndf6 16. Bf1 Nh6 17. Bd3 Nf5 18. Ne2 g6 19. Nf3 Bd7 20. Ne5 Nh5 21. Ng3 Nhg7 22. Bxf5 Nxf5 23. Nxf5 gxf5 24. Kh1 f6 25. Rg1+ Kh8 26. Nd3 Be8 27. Qe2 Bg6 28. Rg3 Rg8 29. Rag1 Rg7 30. f3 Rbg8 31. Qg2 Bh5 32. Rxg7 Rxg7 33. Qxg7+ Qxg7 34. Rxg7 Kxg7 35. Kg2 Kf7 36. a4 Ke7 37. Nc1 Kd7 38. Nb3 Kc7 39. Nxa5 Kb8 40. b4 Be8 41. Nb3 Kc7 42. Kg3 Kb8 43. Kh4 Kc7 44. Nc1 Kd8 45. Ne2 Kc7 46. Ng3 Kd8 47. Nh5 Ke7 48. Ng7 Bf7 49. b5 cxb5 50. axb5 Kf8 51. c6 1-0

[Event "Koge Xtracon op"]
[Site "Koge"]
[Date "2015.10.15"]
[Round "4"]
[White "Rasmussen, Henning1111"]
[Black "Lauritsen, Martin Lee"]
[Result "0-1"]
[WhiteElo "1800"]
[BlackElo "2097"]
[PlyCount "64"]
[EventDate "2015.10.12"]
[EventType "swiss"]
[EventRounds "9"]
[EventCountry "DEN"]
[SourceTitle "CBM 168 Extra"]
[Source "ChessBase"]
[SourceDate "2015.10.29"]
[SourceVersion "1"]
[SourceVersionDate "2015.10.29"]
[SourceQuality "1"]

1. d4 Nf6 2. c4 c5 3. d5 b5 4. cxb5 a6 5. bxa6 g6 6. Nc3 Bxa6 7. e4 Bxf1 8. Kxf1 d6 9. g3 Bg7 10. Kg2 0-0 11. Nf3 Nbd7 12. h3 Qa5 13. Qc2 Rfb8 14. Bd2 Qa6 15. Rhe1 Nb6 16. b3 c4 17. b4 Na4 18. a3 Nd7 19. Ra2 Ndb6 20. Nxa4 Nxa4 21. e5 Qb5 22. Qe4 Nb6 23. Nd4 Qxd5 24. Qxd5 Nxd5 25. Nf3 c3 26. Bf4 dxe5 27. Bxe5 Bxe5 28. Nxe5 Nxb4 29. Rae2 Rxa3 30. Nc4 Ra2 31. Rxe7 Nd3 32. R1e2 c2 0-1

[Event "Koge Xtracon op"]
[Site "Koge"]
[Date "2015.10.13"]
[Round "2"]
[White "Lauritsen, Martin Lee"]
[Black "Hagen, Andreas Skytte"]
[Result "0-1"]
[WhiteElo "2097"]
[BlackElo "2396"]
[PlyCount "106"]
[EventDate "2015.10.12"]
[EventType "swiss"]
[EventRounds "9"]
[EventCountry "DEN"]
[SourceTitle "CBM 168 Extra"]
[Source "ChessBase"]
[SourceDate "2015.10.29"]
[SourceVersion "1"]
[SourceVersionDate "2015.10.29"]
[SourceQuality "1"]

1. e4 e5 2. Nf3 Nc6 3. Bb5 Nf6 4. 0-0 Nxe4 5. Re1 Nd6 6. Nxe5 Be7 7. Bf1 Nf5 8. c3 0-0 9. d4 Nxe5 10. Rxe5 g6 11. Nd2 d5 12. g3 c6 13. Bg2 Ng7 14. Nf1 Be6 15. Re1 Qd7 16. Bf4 f6 17. Qd2 Rfe8 18. Re2 g5 19. Be3 Bd6 20. Rae1 Re7 21. f3 Rae8 22. Bf2 Rf7 23. g4 h5 24. h3 Rfe7 25. Bg3 Bf7 26. Bxd6 Rxe2 27. Rxe2 Rxe2 28. Qxe2 Qxd6 29. Ne3 Bg6 30. Bf1 Kf7 31. Qh2 Qxh2+ 32. Kxh2 h4 33. f4 Bb1 34. fxg5 fxg5 35. a3 Ne6 36. Ng2 Be4 37. b4 b6 38. Kg1 c5 39. bxc5 bxc5 40. dxc5 Nxc5 41. Kf2 Na4 42. c4 d4 43. Ne1 Kf6 44. Bd3 Bc6 45. Bf1 Nb2 46. Be2 Ke5 47. Nd3+ Nxd3+ 48. Bxd3 Kd6 49. Bf1 Kc5 50. Ke1 Bb7 51. Kd2 Ba6 52. Kc2 Bxc4 53. Bg2 Kd6 0-1

[Event "Politiken Cup 37th"]
[Site "Helsingor"]
[Date "2015.07.28"]
[Round "5"]
[White "Lauritsen, Martin Lee"]
[Black "Helin, Mikael"]
[Result "0-1"]
[WhiteElo "2102"]
[BlackElo "1896"]
[PlyCount "112"]
[EventDate "2015.07.25"]
[EventType "swiss"]
[EventRounds "10"]
[EventCountry "DEN"]
[SourceTitle "CBM 167 Extra"]
[Source "ChessBase"]
[SourceDate "2015.09.14"]
[SourceVersion "1"]
[SourceVersionDate "2015.09.14"]
[SourceQuality "1"]

1. e4 c5 2. Nf3 a6 3. d4 cxd4 4. Nxd4 e6 5. Bd3 Qc7 6. 0-0 Nf6 7. c4 h5 8. Kh1 Ng4 9. Nf3 Bc5 10. Qe2 Nc6 11. Be3 Nxe3 12. fxe3 Qb6 13. Re1 Qd8 14. Nc3 g5 15. Qf2 g4 16. Nd4 Ne5 17. Rad1 Be7 18. Rf1 Bg5 19. c5 Qe7 20. Na4 b5 21. cxb6 Bb7 22. Qe2 h4 23. Rc1 h3 24. g3 Nxd3 25. Qxd3 f5 26. Nc5 fxe4 27. Qe2 Bd5 28. b7 Rd8 29. Nxa6 Qd6 30. b8Q Rxb8 31. Nxb8 Qxb8 32. Qxg4 Rg8 33. Qe2 Ke7 34. a4 Rf8 35. Qg4 Qe5 36. Rxf8 Kxf8 37. Qh5 Qg7 38. Qe2 Qh6 39. Re1 Ke8 40. Nb5 Bc6 41. Nc3 Qf6 42. Kg1 d5 43. Qf2 Qf3 44. Qxf3 exf3 45. Kf2 Kf7 46. a5 e5 47. Kxf3 d4+ 48. Kg4 Bxe3 49. Kxh3 Ke6 50. b4 Bd2 51. b5 Bxe1 52. bxc6 dxc3 53. a6 Bf2 54. Kg2 c2 55. Kxf2 c1Q 56. a7 Qc5+ 0-1

[Event "Politiken Cup 37th"]
[Site "Helsingor"]
[Date "2015.07.26"]
[Round "2"]
[White "Fernandez, Daniel Howard"]
[Black "Lauritsen, Martin Lee"]
[Result "1/2-1/2"]
[WhiteElo "2472"]
[BlackElo "2102"]
[PlyCount "105"]
[EventDate "2015.07.25"]
[EventType "swiss"]
[EventRounds "10"]
[EventCountry "DEN"]
[SourceTitle "CBM 167 Extra"]
[Source "ChessBase"]
[SourceDate "2015.09.14"]
[SourceVersion "1"]
[SourceVersionDate "2015.09.14"]
[SourceQuality "1"]

1. e4 e5 2. Nf3 Nc6 3. Bb5 a6 4. Ba4 Nf6 5. 0-0 b5 6. Bb3 Be7 7. a4 Rb8 8. axb5 axb5 9. d3 0-0 10. c3 Bb7 11. Bg5 Ra8 12. Nbd2 d6 13. Rxa8 Bxa8 14. Ba2 Na5 15. b4 Nc6 16. Qc2 Qd7 17. Ra1 h6 18. Bxf6 Bxf6 19. Bd5 Bb7 20. h3 Rb8 21. Ra3 Nd8 22. Bxb7 Nxb7 23. Qa2 Nd8 24. Nf1 c6 25. Ne3 g6 26. Ra7 Rb7 27. Ra8 Kh7 28. Kh2 Ne6 29. g3 Nc7 30. Ra7 Ne6 31. Rxb7 Qxb7 32. Kg2 Kg7 33. Ng1 Bd8 34. Ne2 Bb6 35. Nf1 Qa7 36. Qxa7 Bxa7 37. f4 f5 38. Kf3 Kf6 39. Nd2 c5 40. Nb3 cxb4 41. cxb4 Nd4+ 42. Nbxd4 Bxd4 43. Nxd4 exd4 44. g4 h5 45. exf5 gxf5 46. Kg3 Kg7 47. Kh4 Kg6 48. Kg3 Kg7 49. Kf3 Kg6 50. gxf5+ Kxf5 51. h4 d5 52. Kg3 Kf6 53. Kf3 1/2-1/2

[Event "Politiken Cup 37th"]
[Site "Helsingor"]
[Date "2015.07.26"]
[Round "3"]
[White "Lauritsen, Martin Lee"]
[Black "Semcesen, Daniel"]
[Result "0-1"]
[WhiteElo "2102"]
[BlackElo "2437"]
[PlyCount "102"]
[EventDate "2015.07.25"]
[EventType "swiss"]
[EventRounds "10"]
[EventCountry "DEN"]
[SourceTitle "CBM 167 Extra"]
[Source "ChessBase"]
[SourceDate "2015.09.14"]
[SourceVersion "1"]
[SourceVersionDate "2015.09.14"]
[SourceQuality "1"]

1. e4 e5 2. Nf3 Nc6 3. Bb5 a6 4. Ba4 Nf6 5. 0-0 Nxe4 6. Re1 Nc5 7. Bxc6 dxc6 8. Nxe5 Be7 9. d4 Ne6 10. Be3 0-0 11. Nc3 f6 12. Nd3 Re8 13. Ne2 Nf8 14. c3 b6 15. Ng3 Ng6 16. Qd2 Be6 17. b3 Qd7 18. Rad1 a5 19. c4 Bf7 20. Qc2 Bf8 21. a4 Rad8 22. f3 Nh4 23. Bf2 Bg6 24. Ne4 Nf5 25. Nf4 Bf7 26. d5 Nd6 27. Nc3 Rxe1+ 28. Bxe1 Re8 29. Bf2 c5 30. Qd2 g5 31. Nfe2 h6 32. Ng3 Bg7 33. Nge4 Nc8 34. Nb5 f5 35. Nec3 f4 36. h3 Nd6 37. Nxd6 cxd6 38. Nb5 Bg6 39. Kf1 Be5 40. Re1 Qg7 41. Kg1 Re7 42. Kf1 Bf5 43. Kg1 h5 44. Kf1 Qf6 45. Re2 g4 46. hxg4 hxg4 47. Ke1 Rh7 48. Kd1 gxf3 49. gxf3 Rh3 50. Re1 Rxf3 51. Rg1+ Kf8 0-1

[Event "Copenhagen Challenge"]
[Site "Ballerup"]
[Date "2014.05.17"]
[Round "7"]
[White "Englert, Fabian"]
[Black "Lauritsen, Martin Lee"]
[Result "1-0"]
[WhiteElo "2310"]
[BlackElo "2141"]
[PlyCount "61"]
[EventDate "2014.05.14"]
[EventType "swiss"]
[EventRounds "9"]
[EventCountry "DEN"]
[SourceTitle "CBM 160 Extra"]
[Source "ChessBase"]
[SourceDate "2014.07.01"]
[SourceVersion "1"]
[SourceVersionDate "2014.07.01"]
[SourceQuality "1"]

1. d4 Nf6 2. Nf3 c5 3. d5 g6 4. Nc3 d6 5. e4 Bg7 6. Bb5+ Nfd7 7. a4 0-0 8. 0-0 a6 9. Bc4 Ne5 10. Nxe5 Bxe5 11. Bg5 Bg7 12. f4 Nd7 13. Qe1 h6 14. Bh4 Rb8 15. Qg3 b5 16. axb5 axb5 17. Nxb5 Bxb2 18. Rab1 Bf6 19. Na7 Rxb1 20. Rxb1 e5 21. dxe6 Bxh4 22. exd7 Bxg3 23. dxc8Q Qf6 24. Qg4 Bxf4 25. Bd5 Kg7 26. Kh1 Rb8 27. Rf1 Be3 28. Qe2 Qg5 29. Rxf7+ Kh8 30. Qf1 Bf4 31. g3 1-0

[Event "Copenhagen Challenge"]
[Site "Ballerup"]
[Date "2014.05.15"]
[Round "2"]
[White "Lauritsen, Martin Lee"]
[Black "Mikkelsen, Nikolaj"]
[Result "0-1"]
[WhiteElo "2141"]
[BlackElo "2430"]
[PlyCount "108"]
[EventDate "2014.05.14"]
[EventType "swiss"]
[EventRounds "9"]
[EventCountry "DEN"]
[SourceTitle "CBM 160 Extra"]
[Source "ChessBase"]
[SourceDate "2014.07.01"]
[SourceVersion "1"]
[SourceVersionDate "2014.07.01"]
[SourceQuality "1"]

1. e4 e5 2. Nf3 Nc6 3. d4 exd4 4. Nxd4 Qf6 5. Nb3 Qg6 6. f3 Bb4+ 7. c3 Be7 8. Be3 Nf6 9. N1d2 d5 10. exd5 Nxd5 11. Bf2 Bf5 12. g3 0-0 13. Bc4 Rad8 14. 0-0 Ne5 15. Be2 Nf4 16. Re1 Bc2 17. Qc1 Bxb3 18. Nxb3 Ned3 19. Qe3 Bg5 20. Kf1 Nxe2 21. Qxe2 Nxe1 22. Rxe1 Qc6 23. Nd4 Qd7 24. Qb5 Qxb5+ 25. Nxb5 c6 26. Nd4 Rfe8 27. f4 Bf6 28. Nb3 Rxe1+ 29. Kxe1 b6 30. a4 Rd5 31. Ke2 Kf8 32. Be3 Ke8 33. g4 g6 34. Bd2 Kd8 35. Nc1 Kc7 36. Nd3 Rd8 37. Be3 Bg7 38. Bf2 Rd5 39. Be1 Ra5 40. b3 Rd5 41. c4 Rd8 42. Bf2 Bc3 43. Bg3 Re8+ 44. Kf3 f5 45. gxf5 gxf5 46. Bf2 c5 47. h3 Kd6 48. Nc1 Ke6 49. Ne2 Rd8 50. Be3 Bb2 51. a5 bxa5 52. Bxc5 Rd3+ 53. Kg2 Rxb3 54. Bd4 a4 0-1

[Event "Taastrup Spil Naar Du Vil V"]
[Site "Taastrup"]
[Date "2010.04.22"]
[Round "4"]
[White "Yde, Jesper"]
[Black "Lauritsen, Martin Lee"]
[Result "0-1"]
[WhiteElo "1545"]
[BlackElo "2047"]
[PlyCount "64"]
[EventDate "2010.03.25"]
[EventType "swiss"]
[EventRounds "7"]
[EventCountry "DEN"]
[SourceTitle "EXT 2023"]
[Source "ChessBase"]
[SourceDate "2022.10.05"]
[SourceVersion "1"]
[SourceVersionDate "2022.10.05"]
[SourceQuality "1"]

1. e4 c5 2. f4 Nc6 3. Nf3 g6 4. c3 d5 5. exd5 Qxd5 6. c4 Qd8 7. Nc3 Bg7 8. Be2 Nh6 9. a3 0-0 10. Nd5 Be6 11. Ne3 Nd4 12. Nxd4 cxd4 13. Ng4 d3 14. Nxh6+ Bxh6 15. Bf3 Bxc4 16. b3 Bg7 17. Rb1 Bd5 18. Bb2 Bxb2 19. Rxb2 a5 20. a4 Rc8 21. Rf1 e5 22. fxe5 Re8 23. Rf2 Bxf3 24. gxf3 Rxe5+ 25. Kf1 Qh4 26. f4 Qh3+ 27. Kg1 Re2 28. Qf1 Qg4+ 29. Rg2 Rxg2+ 30. Qxg2 Rc1+ 31. Kf2 Qxf4+ 32. Qf3 Rf1+ 0-1

[Event "Taastrup Quick Weekend 11th M2"]
[Site "Taastrup"]
[Date "2010.04.18"]
[Round "5"]
[White "Nielsen, Jan Mose"]
[Black "Lauritsen, Martin Lee"]
[Result "1-0"]
[WhiteElo "2067"]
[BlackElo "2047"]
[PlyCount "101"]
[EventDate "2010.04.16"]
[EventType "tourn"]
[EventRounds "5"]
[EventCountry "DEN"]
[SourceTitle "EXT 2023"]
[Source "ChessBase"]
[SourceDate "2022.10.05"]
[SourceVersion "1"]
[SourceVersionDate "2022.10.05"]
[SourceQuality "1"]

1. e4 c5 2. Nf3 e6 3. c3 Nf6 4. e5 Nd5 5. d4 cxd4 6. cxd4 d6 7. Be2 Nc6 8. 0-0 Be7 9. Nbd2 a6 10. a3 b5 11. Ne4 Bb7 12. Bg5 f6 13. Bh4 0-0 14. a4 b4 15. exd6 Bxd6 16. Re1 Be7 17. Nc5 Bxc5 18. dxc5 Qd7 19. Bc4 Na5 20. Bd3 Kh8 21. Bg3 e5 22. Qc2 g6 23. Rad1 Rfd8 24. Nxe5 fxe5 25. Bxe5+ Kg8 26. Bxg6 Nc6 27. Bf6 Qg4 28. Bxh7+ Kf8 29. Bxd8 Rxd8 30. Qf5+ Qxf5 31. Bxf5 Nf4 32. Rxd8+ Nxd8 33. g3 Nd5 34. h4 Kf7 35. g4 Ne7 36. Rd1 Bd5 37. Bd7 Be6 38. f4 a5 39. f5 Bb3 40. Rd6 Nb7 41. Be6+ Bxe6 42. fxe6+ Kf8 43. Ra6 Nxc5 44. Rxa5 Nxe6 45. Rb5 Nd4 46. Rxb4 Nf3+ 47. Kf2 Nxh4 48. a5 Nc6 49. a6 Nxb4 50. a7 Nd3+ 51. Kg3 1-0

[Event "Taastrup Quick Weekend 10th M1"]
[Site "Taastrup"]
[Date "2009.10.04"]
[Round "5"]
[White "Lauritsen, Martin Lee"]
[Black "Andersen, Rune"]
[Result "0-1"]
[WhiteElo "2013"]
[BlackElo "2119"]
[PlyCount "122"]
[EventDate "2009.10.02"]
[EventType "tourn"]
[EventRounds "5"]
[EventCountry "DEN"]
[SourceTitle "EXT 2023"]
[Source "ChessBase"]
[SourceDate "2022.10.05"]
[SourceVersion "1"]
[SourceVersionDate "2022.10.05"]
[SourceQuality "1"]

1. e4 c5 2. Nf3 Nc6 3. c3 Nf6 4. e5 Nd5 5. d4 cxd4 6. cxd4 d6 7. Bc4 Nb6 8. Bb3 d5 9. h3 g6 10. Nc3 Bg7 11. a4 a5 12. 0-0 0-0 13. Bf4 h6 14. Nb5 Be6 15. Rc1 Rc8 16. Bc2 Nb4 17. Bb1 Rxc1 18. Qxc1 Kh7 19. b3 Bd7 20. Na3 Na8 21. Bd2 Qb6 22. Qe1 Nc6 23. Qe3 Nc7 24. Bc1 Ne6 25. Bb2 Rc8 26. Nc2 Nb4 27. Nxb4 Qxb4 28. Ba1 b5 29. axb5 Bxb5 30. Rd1 Kg8 31. Nd2 Qa3 32. Bd3 Rc1 33. Rxc1 Qxc1+ 34. Nf1 Qxe3 35. Nxe3 Bxd3 36. Nxd5 Bf8 37. Bc3 Bc2 38. Ne3 Bxb3 39. d5 Nf4 40. Bxa5 Nxd5 41. Nxd5 Bxd5 42. f4 e6 43. Bb6 g5 44. g3 Kg7 45. fxg5 hxg5 46. Kf2 Kg6 47. g4 Bb4 48. Bd8 Bc5+ 49. Kg3 Bc4 50. h4 gxh4+ 51. Bxh4 Be3 52. Bd8 Be2 53. Be7 Bg5 54. Bc5 Bd8 55. Kf4 Bc7 56. Ke4 Bxg4 57. Be7 Bf5+ 58. Kf4 Ba5 59. Ke3 Bb1 60. Kf4 Bd2+ 61. Kg4 Bc2 0-1

[Event "Copenhagen Challenge"]
[Site "Ballerup"]
[Date "2009.05.10"]
[Round "8"]
[White "Getz, Nicolai"]
[Black "Lauritsen, Martin Lee"]
[Result "1/2-1/2"]
[WhiteElo "2205"]
[BlackElo "2063"]
[PlyCount "129"]
[EventDate "2009.05.06"]
[EventType "swiss"]
[EventRounds "9"]
[EventCountry "DEN"]
[SourceTitle "CBM 130 Extra"]
[Source "ChessBase"]
[SourceDate "2009.07.02"]
[SourceVersion "2"]
[SourceVersionDate "2009.07.15"]
[SourceQuality "1"]

1. d4 d5 2. c4 c6 3. Nf3 Nf6 4. e3 e6 5. b3 Nbd7 6. Bd3 Bd6 7. Bb2 Qc7 8. Nc3 0-0 9. 0-0 a6 10. Rc1 Qb8 11. Rc2 b5 12. e4 b4 13. e5 bxc3 14. Bxc3 Be7 15. exf6 Bxf6 16. Ne5 Nxe5 17. dxe5 Be7 18. cxd5 cxd5 19. Bd4 g6 20. Qe2 Bb7 21. f4 Rc8 22. Rfc1 Rxc2 23. Rxc2 Qd8 24. Kf2 Rc8 25. Rxc8 Qxc8 26. Qc2 Kf8 27. Ke3 Qxc2 28. Bxc2 Ke8 29. g4 Kd7 30. f5 Kc6 31. Kf4 Kd7 32. Bd3 Ke8 33. fxe6 fxe6 34. g5 Kf7 35. Bb6 Ba3 36. h4 Bb4 37. Bc7 Ke7 38. h5 Kf7 39. Bd6 Be1 40. b4 Bc3 41. hxg6+ hxg6 42. a4 Bd2+ 43. Kg4 Be1 44. Bc5 Bc3 45. Bd6 Be1 46. b5 axb5 47. Bxb5 Ba5 48. Bc5 Bc3 49. Kf4 Bd2+ 50. Be3 Ba5 51. Bd4 Bd2+ 52. Kg4 Ba5 53. Ba7 Bc3 54. Bb8 Ba5 55. Bd6 Ba8 56. Bc5 Bc3 57. Kf4 Bd2+ 58. Be3 Ba5 59. Kg3 Bc3 60. Bf4 d4 61. Bd3 Bd5 62. Kf2 Bb3 63. Bb5 d3 64. Bxd3 Bxa4 65. Kf3 1/2-1/2